000 00977nam a22002537a 4500
005 20170124103037.0
010 _aA-755990
020 _c100.00
035 _aA-755990
037 _bCen Lib/Ret
040 _aDPL
_bHN
082 _a
_bप्रताप
100 _aप्रतापसिंह
_943304
245 _aकथ्य-अकथ्य /
_cप्रतापसिंह
246 _aKathya-akathay /
_bby Pratap Singh
260 _aदिल्ली
_bविक्रम प्रकाशन
_c1995
270 _aई-5/13, कृष्णनगर
_bदिल्ली
_e110051
300 _a211पृ.
_c17सेमी (सजिल्द)
650 _a हिन्दी साहित्य
_965977
650 _a हिन्दी साहित्य -- उपन्यास
_946379
650 _aHindi literature
_965978
650 _aHindi literature -- Fiction
_965979
942 _2ddc
_cHN
_h
_mप्रताप
999 _c116332
_d116332